000 00638nam a2200241Ia 4500
003 OSt
005 20220928124250.0
006 a|||||r|||| 00| 0
007 ta
008 220927b |||||||| |||| 00| 0 eng d
024 _a51254
037 _cTextual
040 _aSDCL
_cSDCL
_beng
041 _2eng
_aeng
082 _aV55'N<-M, K6
100 _aPinson Roppel
_9464125
245 0 _aModern Germany
_b Its history and civilization.
250 _a2
260 _aNew York
_b Macmillan
_c1966
300 _axv,682p.
_ccm.
942 _hV55'N<-M, K6
_cTEXL
_2CC
999 _c777000
_d777000